Statistics for Countries Bordering Turkey

Click here to take the quiz!

General Stats

  • This quiz has been taken 20 times
  • The average score is 7 of 8

Answer Stats

LengthCountry% Correct
206kmGreece
100%
240kmBulgaria
89%
252kmGeorgia
89%
268kmArmenia
84%
9kmAzerbaijan
84%
499kmIran
84%
352kmIraq
84%
822kmSyria
84%

Score Distribution

Percentile by Number Answered

Percent of People with Each Score

Your Score History

You have not taken this quiz